WWE quiz Stats

 Plays Quiz not verified by Sporcle

Challenge
Share
Tweet
Embed
Score 0/22 Timer 01:30
0 Plays Today
% Correct
goldust
62.2%
john morrison
59.4%
the undertaker
58%
john cena
53.5%
cm punk
53.1%
john cena
52.5%
stone cold steve austin
49.1%
sheamus
41.6%
the rock
40.4%
triple h
28.5%
william regal
25.7%
% Correct
booker t
24.2%
1997
9.7%
undertaker
8.9%
1998
8.9%
2001
8.1%
1995
7.9%
brock lesnar
6.9%
1996
6.7%
kane
6.3%
batista
4.6%
0%

You're not logged in!

Compare scores with friends on all Sporcle quizzes.
Join for Free
OR
Log In

You Might Also Like...

Show Comments

Extras

Top Quizzes Today


Score Distribution

Your Account Isn't Verified!

In order to create a playlist on Sporcle, you need to verify the email address you used during registration. Go to your Sporcle Settings to finish the process.

Report this User

Report this user for behavior that violates our Community Guidelines.

Details: